00000000nam##2200000za#4500
0019.645059
003CaOODSP
00520250506145324
007ta
008150407|1992||||xxc|||||     f|0| 0 eng|d
020 |a0-662-19409-8
040 |aCaOODSP|beng
043 |an-cn---
0861 |aA63-1591/1992E
1101 |aCanada.|bAgriculture Canada.
24510|aFeedlot finishing of cattle / |cby R. Hironaka and B. Freeze.
260 |aOttawa - Ontario : |bAgriculture Canada |c1992.
300 |a57p. : |billus., references, tables ; |c23 cm.
500 |aContents: Nutrient requirements of feedlot cattle.--Kinds of feed.--Processing feeds.--Feed-related disorders.--Cattle management.--Financial management.--Feeding economics.--Designing and equipping a feedlot.--Glossary of terms.--Suggested reading.
563 |aSoftcover
590 |a92-24|b1992-06-12
7201 |aHironaka, R.
7201 |aFreeze, B.
77508|tEngraissement des bovins en parc / |w(CaOODSP)9.678842
7760#|tFeedlot finishing of cattle / |w(CaOODSP)9.697794
986 |aPublication 1591/E